Contaminated land (Record no. 75848)

MARC details
000 -LEADER
fixed length control field 01417cab a2200229 4500
001 - CONTROL NUMBER
control field L130864
008 - FIXED-LENGTH DATA ELEMENTS--GENERAL INFORMATION
fixed length control field 050908n2005 000 0 eng u
035 ## - SYSTEM CONTROL NUMBER
System control number (Sirsi) u130864
041 0# - LANGUAGE CODE
Language code of text/sound track or separate title eng
245 ## - TITLE STATEMENT
Title Contaminated land
260 ## - PUBLICATION, DISTRIBUTION, ETC.
Date of publication, distribution, etc. 2005
490 ## - SERIES STATEMENT
Series statement House Builder
Volume/sequential designation 64(8) September 2005, 73-81(5)
520 ## - SUMMARY, ETC.
Summary, etc. Four articles focus on aspects of contaminated land and its remediation. "Dirty minded" looks at the work of remediation specialists after July 2004 changes to the landfill directive (Directive 99/31/EC) have made house builders increasingly reluctant to excavate and dispose of contaminated soils to landfill due to escalating costs. "Dishing the dirt" offers advice on how builders can benefit from carefully planned remediation programmes. "Keeping it clean" explains the implications of a recent High Court case,"Circular Facilities (London) Limited v Sevenoaks District Council" ([2005] EWHC 865 (Admin), L130074) which exposes developers to liability for contamination caused by others. "Don't mess up" advises developers to know their limitations in dealing with contaminated sites and to know when to call in the specialists.
590 ## - LOCAL NOTE (RLIN)
Local note IKA130905
690 ## - LOCAL SUBJECT ADDED ENTRY--TOPICAL TERM (OCLC, RLIN)
Topical term or geographic name as entry element PROPERTY-RURAL AND NATURAL ASSETS-LAND-CONTAMINATED LAND
700 ## - ADDED ENTRY--PERSONAL NAME
Personal name Palmer, Tim
700 ## - ADDED ENTRY--PERSONAL NAME
Personal name Barnwell, Clive
700 ## - ADDED ENTRY--PERSONAL NAME
Personal name Matthews, Philip
700 ## - ADDED ENTRY--PERSONAL NAME
Personal name Hawker, Susan
700 ## - ADDED ENTRY--PERSONAL NAME
Personal name Nelson, Peter
942 ## - ADDED ENTRY ELEMENTS (KOHA)
Suppress in OPAC 0
Holdings
Withdrawn status Lost status Source of classification or shelving scheme Damaged status Not for loan Home library Current library Shelving location Date acquired Total Checkouts Full call number Barcode Date last seen Copy number Price effective from Koha item type
    Dewey Decimal Classification     London London Journal article 08/09/2005   L130864 130864-1001 06/08/2019 1 06/08/2019 Journal article